000 02395nam0a2200337 i 4500
001 RU\NLR\bibl\1979997
005 20260408102601.0
010 _a9785903416318
_9100
021 _aRU
_b2012-90392
_96685
035 _a(nilc)RSL-KNO-005574217
035 _a(NLR Aleph) 001968701
090 _a3925390
_c3925390
100 _a20121203d2012 u y0rusy50 ca
101 0 _arus
102 _aRU
105 _ay |||||||||
200 1 _aПроблемы ненадлежащего оказания медицинской помощи
_e(экспертно-правовые вопросы)
_eматериалы межрегиональной научно-практической конференции с международным участием, 23 ноября 2012 года
_fпод ред. чл.-корр. РАМН, проф. Ю. Д. Сергеева [и др.]
210 _aМосква
_cЮрИнфоЗдрав
_d2012
215 _a159 с.
_cтабл.
_d20
300 _aВ надзаг.: Нац. ассоц. мед. права, Нац. ин-т мед. права, ГБОУ ВПО "Моск. гос. мед.-стоматол. ун-т им. А.И. Евдокимова", Каф. судеб. медицины и мед. права, ГБОУ ВПО "Первый Моск. гос. мед. ун-т им. И.М. Сеченова", Каф. мед. права
320 _aБиблиогр. в конце докл.
606 _aМедицинская помощь
_jСъезды, совещания и т.п.
_xКачество
_xОценка
_xСудебно-медицинская экспертиза
_92378694
_3RU\NLR\auth\661419337
686 _aР811.6я431(0)
702 1 _4340
_7ca
_8rus
_aСергеев
_bЮ. Д.
_cд-р мед. наук, мед. право
_gЮрий Дмитриевич
_936297
_3RU\NLR\auth\7753365
712 1 2 _a"Проблемы ненадлежащего оказания медицинской помощи (экспертно-правовые вопросы)", межрегиональная научно-практическая конференция с международным участием
_eМосква
_f2012
_9369167
_3RU\NLR\AUTH\8810241621
801 0 _aRU
_bRuMoRKP
_c20121203
_grcr
801 1 _aRU
_bРГБ
_c20121203
801 2 _aRU
_bNLR
_c20121218
_grcr
942 _cBOOK
980 _aNBR